000 00761nam a22001937a 4500
005 20100730111759.0
010 _aENG-97420
020 _a9788131729243
_c225.00
035 _aEN-80953
037 _bDBAD/PUB
082 _a646.78
100 _aLionnet, Annie
_923422
245 _aBrilliant relationships :
_byour ultimate guide to attracting and keeping the perfect partner /
_cby Annie Lionnet
260 _aNew Delhi
_bDorling Kindersley
_c2010
270 _a14 local shopping centre, panchsheel park
_bNew Delhi
_e110017
300 _axii, 150p.
_c22cm (pbk)
942 _2ddc
_cEN
_h646.78
_mLIO
999 _c38205
_d38205